[Event "Aracaju op"]
[Site "Aracaju"]
[Date "2024.10.20"]
[Round "6"]
[White "De Holanda, Vitor Lima Gusmao"]
[Black "Matos, Nikolas Nunes"]
[Result "1-0"]
[WhiteElo "1800"]
[BlackElo "1590"]
[PlyCount "39"]
[EventDate "2024.10.18"]
[EventType "swiss"]
[EventRounds "6"]
[EventCountry "BRA"]
[SourceTitle "CB44_2024"]
[Source "Chessbase"]
[SourceDate "2024.10.30"]
[SourceVersion "1"]
[SourceVersionDate "2024.10.30"]
[SourceQuality "1"]

1. d4 Nf6 2. c4 g6 3. g3 Bg7 4. Bg2 0-0 5. Nc3 d6 6. Nf3 Re8 7. 0-0 Nbd7 8. e4 e5 9. h3 Nb6 10. dxe5 dxe5 11. c5 Nbd7 12. Be3 Qe7 13. b4 Nf8 14. Qc2 b6 15. Rfd1 Bb7 16. Rac1 Rac8 17. Nd5 Nxd5 18. exd5 e4 19. Ng5 f5 20. Qb3 1-0

[Event "Aracaju op"]
[Site "Aracaju"]
[Date "2024.10.19"]
[Round "4"]
[White "Silva, Rene Augusto Dos Sa"]
[Black "De Holanda, Vitor Lima Gusmao"]
[Result "0-1"]
[WhiteElo "1764"]
[BlackElo "1800"]
[PlyCount "92"]
[EventDate "2024.10.18"]
[EventType "swiss"]
[EventRounds "6"]
[EventCountry "BRA"]
[SourceTitle "CB44_2024"]
[Source "Chessbase"]
[SourceDate "2024.10.30"]
[SourceVersion "1"]
[SourceVersionDate "2024.10.30"]
[SourceQuality "1"]

1. d4 Nf6 2. c4 g6 3. Nc3 Bg7 4. e4 d6 5. Be2 0-0 6. h4 c5 7. d5 e6 8. h5 exd5 9. cxd5 Re8 10. h6 Bh8 11. Bg5 a6 12. a4 Qc7 13. Qc2 Nbd7 14. g4 Ne5 15. f3 Rb8 16. Nh3 Bd7 17. Nf2 b5 18. Nd3 Nc4 19. axb5 axb5 20. 0-0 Na5 21. Rfc1 c4 22. Nf2 Nb3 23. Rcb1 Nxa1 24. Rxa1 Ra8 25. Qc1 Rxa1 26. Qxa1 Qb7 27. Bf4 Ra8 28. Qc1 Qa6 29. Kg2 b4 30. Ncd1 Bb5 31. Ne3 Rc8 32. e5 dxe5 33. Bxe5 Nd7 34. Bxh8 Kxh8 35. Ne4 Kg8 36. f4 c3 37. Bxb5 Qxb5 38. bxc3 Qe2+ 39. Nf2 Rxc3 40. Qa1 Qxe3 41. Qa8+ Nf8 42. d6 Qg3+ 43. Kf1 Rc1+ 44. Ke2 Rc2+ 45. Kd1 Qxf2 46. d7 Qd2# 0-1